| 000 | 00455nam a22001697a 4500 | ||
|---|---|---|---|
| 003 | CEME | ||
| 005 | 20210628205922.0 | ||
| 008 | 210208b xxu||||| |||| 00| 0 eng d | ||
| 040 | _c. | ||
| 082 | _a629.13236 USA | ||
| 100 |
_aUsa _977473 |
||
| 245 | _aUnited state airforce stability and control | ||
| 260 |
_aUSA _bDOUGLAS AIR COMPANY _c1965 |
||
| 300 | _aVP | ||
| 650 |
_aAIRFORCE STABILITY AND CONTROL DATCOM-UNITED STATE _977474 |
||
| 942 |
_cBK _2ddc |
||
| 999 |
_c582733 _d582733 |
||